000 00999nam a22002171i 4500
001 182896
003 ES-MaACL
005 20250729015734.0
008 131204m19121914fr |||| | fre d
245 0 0 _aBibliothèques livres et librairies
_b: Conférences faites a l'Ecole des Hautes-Etudes sociales sous le patronage de l'Association /
_cavec le concours de l'Institut international de Bibliographie et du Cerde de la Libraire.
260 _aParis :
_bMarcel Rivière,
_c1912-1914 (
_eVilleneuve-Saint-Sege :
_fImp. L'Union Typographique)
300 _a3 v. ;
_c22 cm.
505 8 _aContiene: [1ª Serie] 1 vol. 2ª Serie. 1 vol. 3ª Serie. 1 vol. con 2 lám.
594 _aPrecede al tít.: Association des Bibliothécaires Français.
650 0 4 _aBibliotecas.
_9188814
650 4 _aBibliotecas-
_zFrancia.
_9153926
650 0 7 _aBiblioteconomía
_2embne
_910554
710 0 _aAssociation des Bibliothecaires Français.
_91809
852 _aES-MaACL
_jB-4454-56
999 _c182896
_d182896